[Event "TCh-NOR Finals"]
[Site "Oslo NOR"]
[Date "2002.05.11"]
[Round "4"]
[White "Hanssen,G"]
[Black "Glenne,BE"]
[Result "1-0"]
[WhiteElo "2276"]
[BlackElo "2235"]

1.Nf3 Nf6 2.c4 e6 3.d4 b6 4.g3 Ba6 5.b3 Bb4+ 6.Bd2 Be7 7.Bg2 Bb7 8.O-O c5
9.Bc3 O-O 10.Bb2 Qc8 11.Nc3 d5 12.cxd5 Nxd5 13.Rc1 Nxc3 14.Bxc3 Qd8 15.Qc2 Nc6
16.Rfd1 cxd4 17.Nxd4 Nxd4 18.Rxd4 Qc8 19.Rc4 Bc5 20.Bxg7 Kxg7 21.Qd2 Kf6
22.Bxb7 Qxb7 23.b4 Rfd8 24.Qf4+ Ke7 25.bxc5 Rac8 26.c6 Qc7 27.Qh4+ Kf8 28.Qxh7 Rd5
29.e4 Rd6 30.e5 Rd5 31.Qh8+ Ke7 32.Qf6+ Ke8 33.Rh4 Qxe5 34.Rh8+  1-0

[Event "Capablanca Mem Premier II"]
[Site "Havana CUB"]
[Date "2002.05.13"]
[Round "7"]
[White "Almeida,O"]
[Black "Zarnicki,P"]
[Result "1-0"]
[WhiteElo "2484"]
[BlackElo "2499"]

1.d4 Nf6 2.Nf3 e6 3.c4 b6 4.g3 Ba6 5.Qa4 Bb7 6.Bg2 c5 7.dxc5 Bxc5 8.O-O O-O
9.Nc3 Be7 10.Rd1 d6 11.Bf4 a6 12.Rd2 Qc7 13.Rad1 Rd8 14.Qc2 h6 15.b3 Nh5
16.Be3 Nd7 17.Nd4 Bxg2 18.Kxg2 Rac8 19.f3 b5 20.Nf5 Bf8 21.Nxd6 Bxd6 22.Rxd6 bxc4
23.bxc4 Nhf6 24.R6d4 Re8 25.Ne4 e5 26.Rd6 Re6 27.Rxe6 fxe6 28.Nd6 Nd5 29.Qd2 Qxd6
30.cxd5 Nf6 31.dxe6 Qxe6 32.Bf2 e4 33.Bd4 Rd8 34.Qc2 exf3+ 35.exf3 Nh7 36.h4 Nf8
37.Rd2 Qe1 38.Qc4+ Kh7 39.Re2 Qd1 40.Bc3 Rd3 41.Qe4+ Kg8 42.Ba1 Rd2 43.Qc4+ Kh7
44.Rxd2 Qxd2+ 45.Kh3 Qd7+ 46.Qg4 Qf7 47.a4 h5 48.Qe4+ Ng6 49.Bc3 Qb3 50.Qd4 Qe6+
51.Kg2 Qe7 52.Qe4 Qc5 53.Bd4 Qd6 54.Bf2 Kg8 55.Qf5 Ne5 56.Qxh5 Nd3 57.Qe8+ Kh7
58.Qe4+ Kg8 59.Bd4 Qa3 60.Qe6+ Kh7 61.Qf7  1-0

[Event "Open"]
[Site "Pula CRO"]
[Date "2002.05.13"]
[Round "3"]
[White "Macsik,T"]
[Black "Stocek,J"]
[Result "0-1"]
[WhiteElo "2174"]
[BlackElo "2566"]

1.d4 Nf6 2.Nf3 e6 3.c4 b6 4.g3 Ba6 5.Qa4 Be7 6.Bg2 O-O 7.Nc3 c6 8.Ne5 d5
9.Nxc6 Nxc6 10.Qxa6 Nxd4 11.O-O Rc8 12.cxd5 Nxd5 13.Nxd5 exd5 14.Rd1 Bf6
15.e3 Nc2 16.Rb1 Qe7 17.a3 d4 18.e4 Rfd8 19.Qd3 Ne3 20.fxe3 dxe3 21.Qe2 Rxd1+
22.Qxd1 Qc5 23.Qe2 Bd4 24.Kh1 g6 25.Bf3 h5 26.Qd3 Qc2 27.Qxc2 Rxc2 28.Bxe3 Bxe3
29.a4 a5 30.b3 Kf8 31.Re1 Rc3 32.Bd1 Bc5 33.Kg2 Rd3 34.Kh1 Ke7 35.Kg2 Bd4
36.Rf1 Rd2+ 37.Kh1 Be5 38.Bf3 Rb2 39.Bd1 h4 40.Rf3 Rd2 41.Rf1 hxg3 42.hxg3 Bxg3
43.Bg4 Rd4 44.Kg2 Be5 45.Bf3 Rd3 46.Be2 Rg3+ 47.Kh1 Rxb3 48.Rxf7+ Kxf7 49.Bc4+ Ke7
50.Bxb3 b5 51.axb5 g5 52.Bd1 Kd6 53.Kg2 Kc5 54.Kf3 Kxb5 55.Kg4 Bf6 56.e5 Bd8
57.Kf5 a4 58.Ke6 a3 59.Bb3 g4 60.Kd7 Bh4  0-1

[Event "FSIM May"]
[Site "Budapest HUN"]
[Date "2002.05.14"]
[Round "11"]
[White "Eperjesi,L"]
[Black "Berczes,D"]
[Result "1-0"]
[WhiteElo "2322"]
[BlackElo "2179"]

1.d4 Nf6 2.Nf3 e6 3.c4 b6 4.g3 Ba6 5.b3 Bb4+ 6.Bd2 Be7 7.Bg2 c6 8.O-O d5
9.Ne5 Nfd7 10.Nxd7 Nxd7 11.Qc2 Rc8 12.Rd1 c5 13.dxc5 Rxc5 14.Bc3 dxc4 15.b4 Rg5
16.f4 Rg6 17.Qa4 Bc8 18.Qxa7 Bf6 19.e4 Bxc3 20.Nxc3 O-O 21.e5 Qe7 22.Ne4 Rd8
23.Nd6  1-0

[Event "ch-LTU"]
[Site "Vilnius LTU"]
[Date "2002.05.17"]
[Round "1"]
[White "Sakalauskas,V"]
[Black "Samulevicius,T"]
[Result "1/2-1/2"]
[WhiteElo "2424"]
[BlackElo "2286"]

1.d4 Nf6 2.c4 e6 3.Nf3 b6 4.g3 Ba6 5.Qa4 c5 6.Bg2 Bb7 7.dxc5 Bxc5 8.O-O O-O
9.Nc3 Ne4 10.Qc2 f5 11.Ng5 Nd6 12.Bxb7 Nxb7 13.Rd1 Qe7 14.a3 Nc6 15.Nf3 a5
16.Bf4 h6 17.Qd2 Rad8 18.Rac1 Kh7 19.Be3 d6 20.Na4 Bxe3 21.Qxe3 Nc5 22.Nc3 a4
23.Nb5 Rd7 24.Rc2 Rfd8 25.Nfd4 Na5 26.Nf3 d5 27.cxd5 Rxd5 28.Rxd5 Rxd5 29.Nc3 Rd8
30.Qf4 Qd6 31.Rd2 Qxf4 32.gxf4 Rxd2 33.Nxd2 g5 34.fxg5 hxg5 35.f3 Kg6  1/2-1/2

[Event "Open A"]
[Site "Ostrava CZE"]
[Date "2002.05.19"]
[Round "2"]
[White "Chlevistan,J"]
[Black "Lahner,J"]
[Result "0-1"]
[WhiteElo "2054"]
[BlackElo "2235"]

1.d4 Nf6 2.c4 e6 3.Nf3 b6 4.g3 Ba6 5.Nbd2 Bb7 6.Bg2 c5 7.O-O Be7 8.b3 O-O
9.Bb2 d6 10.Qc2 Nbd7 11.e4 cxd4 12.Nxd4 Rc8 13.e5 Bxg2 14.exf6 Bxf1 15.fxe7 Qxe7
16.Rxf1 d5 17.Qd3 Rfd8 18.Qe3 Qc5 19.N4f3 Qxe3 20.fxe3 f6 21.cxd5 Rc2 22.Nc4 e5
23.Rc1 Rxc1+ 24.Bxc1 Nc5 25.d6 b5 26.Ba3 Nd3 27.Na5 Rd7 28.Nc6 Kf7 29.Kf1 a5
30.Ne1 Nxe1 31.Kxe1 b4 32.Bc1 Rxd6 33.Nxa5 Ra6 34.Nc4 Rxa2 35.Bd2 Ke6 36.e4 f5
37.exf5+ Kxf5 38.h3 Ke4 39.Bxb4 Kf3  0-1

[Event "Tanta Open"]
[Site "Tanta City EGY"]
[Date "2002.05.19"]
[Round "6"]
[White "Ahmed,Es"]
[Black "Kengis,E"]
[Result "0-1"]
[WhiteElo "2395"]
[BlackElo "2577"]

1.d4 Nf6 2.Nf3 e6 3.c4 b6 4.g3 Ba6 5.Qa4 Bb7 6.Bg2 c5 7.O-O cxd4 8.Nxd4 Bxg2
9.Kxg2 Qc8 10.Nc3 Qb7+ 11.f3 Be7 12.Rd1 O-O 13.Bg5 Rc8 14.Rac1 a6 15.Qb3 Nc6
16.Na4 Nxd4 17.Rxd4 b5 18.Rcd1 d5 19.cxb5 axb5 20.Nc3 h6 21.Bxf6 Bxf6 22.Rb4 Bxc3
23.bxc3 Qa6 24.Rd2 Rc5 25.Rb2 Rac8 26.Rxb5 Rxc3 27.Qd1 Qa7 28.Rb7 Qe3 29.Qd2 Qxd2
30.Rxd2 Ra3 31.Kf2 Rca8 32.Rbb2 g5 33.Ke1 Kg7 34.Kd1 h5 35.Kc1 g4 36.fxg4 hxg4
37.Rdc2 Rh8 38.Rc7 Rxh2 39.Rb4 Rxg3 40.Rf4 Rxe2 41.Rcxf7+ Kg6 42.Kb1 Rg1+
43.Rf1 Re1+  0-1

[Event "V It"]
[Site "Santo Antonio POR"]
[Date "2002.05.21"]
[Round "2"]
[White "Damaso,R"]
[Black "Fernando,D"]
[Result "1-0"]
[WhiteElo "2434"]
[BlackElo "2383"]

1.d4 Nf6 2.Nf3 e6 3.c4 b6 4.g3 Ba6 5.b3 Bb7 6.Bg2 Bb4+ 7.Bd2 a5 8.O-O O-O
9.Qc2 Be4 10.Qb2 Nc6 11.Bxb4 axb4 12.Nbd2 Ra3 13.Nxe4 Nxe4 14.d5 Na7 15.Nd4 Nc3
16.Nc2 Nxe2+ 17.Kh1 Qf6 18.Qxf6 gxf6 19.Rfe1  1-0

[Event "4th Borowski C"]
[Site "Essen GER"]
[Date "2002.05.24"]
[Round "8"]
[White "Kiseleva,N"]
[Black "Wegener,O"]
[Result "0-1"]
[WhiteElo "2373"]
[BlackElo "2317"]

1.d4 Nf6 2.c4 e6 3.Nf3 b6 4.g3 Ba6 5.Nbd2 Bb4 6.Qc2 Bb7 7.Bg2 Be4 8.Qb3 Bxd2+
9.Bxd2 O-O 10.O-O d6 11.Qe3 Nbd7 12.Bc3 Qe7 13.Bh3 Rfe8 14.b3 a5 15.Nh4 Bb7
16.Bb2 a4 17.b4 b5 18.cxb5 Nb6 19.Rfc1 Qd7 20.d5 Nbxd5 21.Qg5 h6 22.Qd2 a3
23.Bxf6 Nxf6 24.b6 cxb6 25.Qd4 b5 26.Bg2 Bxg2 27.Kxg2 Qb7+ 28.Nf3 Qd5 29.Qxd5 Nxd5
30.Nd4 Reb8 31.Nc6 Rb7 32.e4 Nb6 33.Na5 Rd7 34.Rc3 d5 35.exd5 Nxd5 36.Rxa3 Nxb4
37.Rb1 Nc6 38.Nc4 Rb8 39.Ne3 e5 40.Rab3 Nd4 41.R3b2 Rc8 42.Rd1 Ra7 43.f4 exf4
44.gxf4 Ra4 45.Rdd2 Rc5 46.Rf2 f5  0-1

[Event "FSGM June"]
[Site "Budapest HUN"]
[Date "2002.06.01"]
[Round "1"]
[White "Lechtynsky,J"]
[Black "Koneru,H"]
[Result "1/2-1/2"]
[WhiteElo "2413"]
[BlackElo "2486"]

1.d4 Nf6 2.Nf3 e6 3.c4 b6 4.g3 Ba6 5.b3 Bb4+ 6.Bd2 Be7 7.Bg2 d5 8.Ne5 c6
9.Bc3 Ne4 10.Qc2 Nxc3 11.Qxc3 Bd6 12.Nd3 O-O 13.Nd2 Nd7 14.O-O Rc8 15.e4  1/2-1/2

[Event "FSGM June"]
[Site "Budapest HUN"]
[Date "2002.06.01"]
[Round "1"]
[White "Sahovic,D"]
[Black "Handke,F"]
[Result "0-1"]
[WhiteElo "2371"]
[BlackElo "2427"]

1.d4 Nf6 2.c4 e6 3.Nf3 b6 4.g3 Ba6 5.b3 Bb7 6.Bg2 Bb4+ 7.Bd2 a5 8.a3 Bxd2+
9.Qxd2 Ne4 10.Qe3 Nd6 11.Nc3 a4 12.Nxa4 Nxc4 13.Qc3 Nd6 14.O-O O-O 15.Rfc1 Nc6
16.Qb2 Ra5 17.Ne5 Nxe5 18.dxe5 Bxg2 19.exd6 Bc6 20.dxc7 Qxc7 21.Nc3 Rg5 22.b4 f5
23.b5 Ba8 24.Qd2 f4 25.Ne4 Qb7 26.f3 Re5 27.Qd4 Qb8 28.Qxd7 Bxe4 29.Rc7 Rg5
30.fxe4 Rg6 31.Rac1 fxg3 32.h4 Qd8 33.Qxd8 Rxd8 34.R7c6 Rb8 35.Rc8+ Rxc8
36.Rxc8+ Kf7 37.e5 Rh6 38.Rc6 Rxh4 39.Rxb6 Re4 40.Rb8 Ra4 41.b6 Rxa3 42.b7 Rb3
43.Kg2 Kg6 44.Kh3 Kg5 45.Re8 Rxb7 46.Rxe6 Kf5 47.Re8 Rb3 48.Re7 Kg6 49.Re6+ Kf7
50.Rc6 Re3 51.Rc7+ Kg6 52.Rc6+ Kg5 53.Rc7 Kh6 54.Re7 Kg6 55.e6 h5 56.Re8 Kg5
57.Re7 g6  0-1

[Event "TCh-BIH"]
[Site "Neum BIH"]
[Date "2002.06.05"]
[Round "5"]
[White "Nikolac,J"]
[Black "Damljanovic,B"]
[Result "1/2-1/2"]
[WhiteElo "2428"]
[BlackElo "2548"]

1.d4 Nf6 2.c4 e6 3.Nf3 b6 4.g3 Ba6 5.Nbd2 Bb4 6.Qc2 Bb7 7.Bg2 c5 8.d5 exd5
9.Nh4 O-O 10.O-O Nc6 11.cxd5 Nd4 12.Qd3 Bxd2 13.Bxd2 Qc8 14.Bg5 Nxd5 15.Bxd5 Bxd5
16.Be3 Qc6 17.Bxd4 Be4 18.Qd2 cxd4 19.f3 Bd5 20.Nf5 Qf6 21.Nxd4 Be6 22.a3 Rac8
23.Rac1 h5 24.Qf4 Qe7 25.Rxc8 Rxc8 26.Rc1 Rc5 27.b4 Rxc1+ 28.Qxc1 Qd6 29.Qc8+ Kh7
30.Qc3 g6 31.Kf2 h4 32.Nb5 hxg3+ 33.hxg3 Qd5 34.Nc7 Qh5 35.Ne8 Qh2+ 36.Ke3 Qh6+
37.Kd3 Kg8 38.g4 Kf8 39.Nf6 Qf4 40.Kc2 Ke7 41.Ng8+ Kf8 42.Nf6 Ke7 43.Ng8+ Kf8
44.Nf6  1/2-1/2

[Event "TCh-BIH"]
[Site "Neum BIH"]
[Date "2002.06.08"]
[Round "9"]
[White "Terzic,S"]
[Black "Vojinovic,G"]
[Result "1/2-1/2"]
[WhiteElo "2286"]
[BlackElo "2477"]

1.d4 Nf6 2.Nf3 e6 3.c4 b6 4.g3 Ba6 5.b3 b5 6.Qc2 bxc4 7.bxc4 Bb7 8.Bg2 c5
9.e3 Be4 10.Qc3 Nc6 11.O-O Rc8 12.Nbd2 cxd4 13.exd4 Bb4 14.Qe3 Bxd2 15.Bxd2 O-O
16.Rfc1 Qb6 17.Bc3 Ne7 18.Qd2 Nf5 19.c5 Qb7 20.Ne1 Bxg2 21.Nxg2 Nd5 22.Qd3 Qc6
23.Bd2 Qa4 24.Qc4 Qa3 25.g4 Qb2 26.Be3 Ndxe3 27.fxe3 Qxg2+ 28.Kxg2 Nxe3+
29.Kf3 Nxc4 30.Rxc4 Rb8 31.Ra4 Rb7 32.Rc1 Rc8 33.Ke4 f6 34.Rc3 Kf7 35.h4 Rcc7
36.Rca3 Ke7 37.Ra6 Rb4 38.R3a4 Rxa4 39.Rxa4 d6 40.cxd6+ Kxd6 41.Ra6+ Ke7
42.g5 Kf7 43.gxf6 gxf6 44.h5 Rd7 45.Ra5 Kg7 46.a4 Kh6 47.Rb5 Rd6 48.a5 Ra6
49.Kf4 Rd6 50.Ke4 f5+ 51.Ke5 Ra6 52.d5 exd5 53.Kxf5 Kxh5 54.Rxd5 Kh6 55.Kg4 Kg6
56.Rg5+ Kf7 57.Rb5 Kg7 58.Kg5 h6+ 59.Kh5 Kf7 60.Kg4 Ke6 61.Rh5 Kd7 62.Kf4 Re6
63.Rc5 Kd6 64.Rh5 Kc6 65.Kf5 Kd6 66.Kf4 Kd7  1/2-1/2

[Event "EuTCh U18"]
[Site "Balatonlelle HUN"]
[Date "2002.06.12"]
[Round "1"]
[White "Topel,Z"]
[Black "Fliter,I"]
[Result "0-1"]
[WhiteElo "2023"]
[BlackElo "2119"]

1.d4 Nf6 2.Nf3 e6 3.c4 b6 4.g3 Ba6 5.Nbd2 Bb7 6.Bg2 c5 7.dxc5 Bxc5 8.O-O O-O
9.a3 Qc7 10.b4 Be7 11.Bb2 d6 12.Qb3 Nbd7 13.Rac1 Rac8 14.Rfd1 Qb8 15.Ne1 Bxg2
16.Nxg2 d5 17.cxd5 Nxd5 18.Ne4 b5 19.Nc3 N7b6 20.Nxd5 Nxd5  0-1

[Event "6th Open"]
[Site "Voronezh RUS"]
[Date "2002.06.15"]
[Round "4"]
[White "Novichkov,Vad"]
[Black "Pavlov,Al"]
[Result "1-0"]
[WhiteElo "2405"]
[BlackElo "2345"]

1.d4 Nf6 2.c4 e6 3.Nf3 b6 4.g3 Ba6 5.b3 Bb7 6.Bg2 Bb4+ 7.Bd2 a5 8.O-O O-O
9.a3 Be7 10.Nc3 d5 11.cxd5 exd5 12.Qc2 Na6 13.Rfd1 Re8 14.Bg5 h6 15.Bxf6 Bxf6
16.e3 Qd7 17.Rac1 Qe6 18.Ne1 Be7 19.Qb2 Qd6 20.Ra1 Red8 21.Nd3 g5 22.Ne5 Qe6
23.Qc2 c5 24.Bf3 Rf8 25.Bg4 f5 26.Bh3 Bd6 27.f4 Rac8 28.Qd2 Kg7 29.Bg2 Be7
30.dxc5 Rxc5 31.Na4 Rb5 32.Qd3 Nc7 33.Rac1 Bc5 34.Nxc5 bxc5 35.a4 Rb4 36.Rxc5 Qd6
37.Qc3 Ne6 38.Rcxd5 Nxf4 39.gxf4 Bxd5 40.Rxd5 Qf6 41.Rd7+  1-0

[Event "13th Open"]
[Site "Ljubljana SLO"]
[Date "2002.06.25"]
[Round "4"]
[White "Palo,D"]
[Black "Sax,G"]
[Result "1/2-1/2"]
[WhiteElo "2359"]
[BlackElo "2566"]

1.d4 Nf6 2.c4 e6 3.Nf3 b6 4.g3 Ba6 5.b3 b5 6.cxb5 Bxb5 7.Bg2 a5 8.O-O d5
9.Ne5 Bd6 10.Na3 Ba6 11.Nac4 a4 12.bxa4 O-O 13.Bf4 Ne4 14.Qc2 f6 15.Nxd6 cxd6
16.Nd3 Qd7  1/2-1/2

[Event "Milivoj Petrov Mem"]
[Site "Pancevo YUG"]
[Date "2002.06.25"]
[Round "2"]
[White "Rajkovic,Du"]
[Black "Fontaine,R"]
[Result "1-0"]
[WhiteElo "2501"]
[BlackElo "2484"]

1.d4 Nf6 2.c4 e6 3.Nf3 b6 4.g3 Ba6 5.Nbd2 Bb4 6.Qc2 Bb7 7.Bg2 Bxd2+ 8.Qxd2 O-O
9.O-O d6 10.b3 Nbd7 11.Bb2 Ne4 12.Qe3 f5 13.Ng5 Qxg5 14.Qxg5 Nxg5 15.Bxb7 Rab8
16.Bc6 Nf6 17.b4 Nf7 18.b5 Ne4 19.f3 Nf6 20.d5 Nd8 21.a4 a5 22.Rad1 Nxc6
23.dxc6 Ra8 24.Rd3 Kf7 25.h3 h5 26.Rfd1 g5 27.Kf2 g4 28.hxg4 hxg4 29.Rh1 gxf3
30.Bxf6 Kxf6 31.Rh6+ Ke7 32.c5 bxc5 33.Rh7+ Rf7 34.Rxf7+ Kxf7 35.Rxd6 Kf6
36.Rd7 Rc8 37.Kxf3 Ke5 38.Ke3 c4 39.Kd2 Rg8 40.Kc3 Rxg3+ 41.Kxc4 Rg1 42.Rxc7 Rc1+
43.Kb3 Kd6 44.Ra7 f4 45.Rxa5 e5 46.Ra7  1-0

[Event "Match Olympiad Hopes Schev"]
[Site "Belgrade YUG"]
[Date "2002.06.30"]
[Round "5"]
[White "Zivanic,M"]
[Black "Kovacevic,A"]
[Result "0-1"]
[WhiteElo "2450"]
[BlackElo "2547"]

1.d4 Nf6 2.c4 e6 3.Nf3 b6 4.g3 Ba6 5.Nbd2 Bb4 6.Qc2 Bb7 7.Bg2 Be4 8.Qb3 Bxd2+
9.Bxd2 O-O 10.O-O d6 11.Qe3 Nbd7 12.Bc3 a5 13.Rfd1 c6 14.Bf1 h6 15.Nd2 Bg6
16.f3 b5 17.b3 d5 18.Qf2 Qe7 19.a4 b4 20.Bb2 Rac8 21.Bh3 Nh7 22.e4 f5 23.Qe3 Qg5
24.Qe1 Qh5 25.Bg2 fxe4 26.fxe4 Ng5 27.Qe3 Nf6 28.h4 Ng4 29.Qe1 dxe4 30.Nxe4 Nf3+
31.Bxf3 Rxf3 32.Nd6 Rcf8 33.Rd2 Ne3 34.d5 Qg4 35.Be5 Qh3 36.Bf4 R8xf4  0-1

[Event "5th Open"]
[Site "Vins du Medoc FRA"]
[Date "2002.07.06"]
[Round "8"]
[White "Behrhorst,F"]
[Black "Iordachescu,V"]
[Result "0-1"]
[WhiteElo "2283"]
[BlackElo "2555"]

1.d4 Nf6 2.c4 e6 3.Nf3 b6 4.g3 Ba6 5.Qa4 c6 6.Nc3 Be7 7.Bg2 O-O 8.O-O d5
9.Ne5 Qe8 10.b4 Bxc4 11.Nxc4 b5 12.Qc2 bxc4 13.Rb1 a5 14.bxa5 Rxa5 15.e4 Na6
16.Bg5 h6 17.Bxf6 Bxf6 18.e5 Be7 19.f4 Nb4 20.Qd2 Qa8 21.f5 exf5 22.Rxf5 Nxa2
23.Ne2 c3 24.Qc2 Ra3 25.Rf4 Nb4 26.Rxb4 Bxb4 27.Rg4 Ra1+ 28.Kf2 f5 29.exf6 Rxf6+
30.Rf4 Ra2  0-1

[Event "Open"]
[Site "Oberwart AUT"]
[Date "2002.07.10"]
[Round "6"]
[White "Kremsner,A"]
[Black "Miniboeck,G"]
[Result "0-1"]
[WhiteElo "2227"]
[BlackElo "2348"]

1.d4 Nf6 2.Nf3 e6 3.c4 b6 4.g3 Ba6 5.b3 Bb4+ 6.Bd2 Be7 7.Bg2 d5 8.Ne5 c6
9.Bc3 Nfd7 10.Nxd7 Nxd7 11.Nd2 O-O 12.O-O Rc8 13.e4 b5 14.Re1 dxc4 15.bxc4 bxc4
16.Qa4 Bb5 17.Qc2 Re8 18.Bf1 c5 19.Bxc4 Bxc4 20.Nxc4 cxd4 21.Bxd4 Nb6 22.Bxb6 axb6
23.Qe2 Qc7 24.Rac1 b5 25.Nd2 Qxc1 26.Rxc1 Rxc1+ 27.Kg2 b4 28.Nc4 Bf8 29.Ne3 Rec8
30.h4 h6 31.h5 Ra8 32.Qb2 Rc5 33.Qxb4 Rxh5 34.Qb3 Rha5 35.Nc4 Rxa2 36.Nb6 R8a3
37.Qb5 Kh7 38.Nd7 Be7 39.Ne5 Bd6 40.Nf3 Ra5 41.Qd7 Bc5 42.Qxf7 Rxf2+ 43.Kh3 Ra3
44.Qc7 Rfxf3 45.Qxc5 Rxg3+ 46.Kh2 Raf3 47.Qe5 Rg6  0-1

[Event "Dutch Open"]
[Site "Dieren NED"]
[Date "2002.07.12"]
[Round "4"]
[White "Van der Werf,M"]
[Black "Janssen,R"]
[Result "1/2-1/2"]
[WhiteElo "2422"]
[BlackElo "2468"]

1.Nf3 Nf6 2.c4 b6 3.d4 e6 4.g3 Ba6 5.b3 Bb4+ 6.Bd2 Be7 7.Bg2 d5 8.cxd5 exd5
9.O-O O-O 10.Nc3 Bb7 11.Bc1 Na6 12.Bb2 Re8 13.Rc1 c5 14.Qc2 Bf8 15.Rfd1 Qe7
16.e3 Rad8 17.a3 Ne4 18.dxc5 Naxc5 19.Nd4 a5 20.b4 axb4 21.axb4 Nxc3 22.Bxc3 Ne4
23.Be1 Rc8 24.Qe2 Qf6 25.Qf3 Qe5 26.h4 Rc4 27.b5 Rxc1 28.Rxc1 Bc5 29.Rd1 g6
30.Bh3 f5 31.Bf1 Ra8 32.Nc6 Bxc6 33.bxc6 Rc8 34.Bb5 Qb2  1/2-1/2

[Event "FSGM July"]
[Site "Budapest HUN"]
[Date "2002.07.13"]
[Round "8"]
[White "Lukacs,P"]
[Black "Kristjansson,S"]
[Result "0-1"]
[WhiteElo "2444"]
[BlackElo "2428"]

1.d4 e6 2.c4 Nf6 3.Nf3 b6 4.g3 Ba6 5.b3 Bb7 6.Bg2 Bb4+ 7.Bd2 a5 8.O-O O-O
9.Nc3 d6 10.Qc2 Nbd7 11.Rfd1 Bxc3 12.Bxc3 Be4 13.Qb2 a4 14.Rac1 b5 15.Qd2 Qb8
16.Bb4 axb3 17.axb3 bxc4 18.bxc4 Ra4 19.Ba5 Qa7 20.Ra1 Rxc4 21.Qe3 Rc6 22.Be1 Ra6
23.Rxa6 Qxa6 24.Bf1 Ba8 25.Qc3 c5 26.dxc5 Nxc5 27.Qd4 Nce4 28.Nd2 Nxd2 29.Bxd2 e5
30.Qb2 Qc6 31.f3 Qc5+ 32.Kg2 e4  0-1

[Event "XX Open"]
[Site "Andorra la Vella AND"]
[Date "2002.07.14"]
[Round "9"]
[White "Jeremic,V"]
[Black "Colovic,A"]
[Result "1-0"]
[WhiteElo "2482"]
[BlackElo "2362"]

1.d4 Nf6 2.c4 e6 3.Nf3 b6 4.g3 Ba6 5.b3 Bb7 6.Bg2 Bb4+ 7.Bd2 a5 8.O-O O-O
9.a3 Be7 10.Nc3 d5 11.Ne5 Qc8 12.cxd5 exd5 13.Bg5 Qe6 14.Qc1 Na6 15.Nd3 Qd7
16.Nf4 c6 17.Na4 Qd8 18.Nd3 h6 19.Bf4 Ne4 20.Rd1 Ra7 21.Ne5 b5 22.Nc3 Bxa3
23.Qxa3 Nxc3 24.Re1 Nb4 25.Qc1 Ne4 26.f3 Nf6 27.Qc5 Ra8 28.Bd2 Nd7 29.Nxd7 Qxd7
30.Bxb4 axb4 31.Qxb4 Qe6 32.e4 dxe4 33.fxe4 Rxa1 34.Rxa1 c5 35.dxc5 f5 36.Qxb5 Bxe4
37.Re1 Qd5 38.Bxe4 fxe4 39.Qc4 Qxc4 40.bxc4 Re8 41.Kf2 Kf7 42.Ke3 Ke6 43.Kd4 Rd8+
44.Kxe4 Rd2 45.h4 h5 46.Re3 Rd1 47.c6 Rd6 48.c7 Rc6 49.Kd4+ Kd6 50.Re5 Rxc7
51.Rxh5 Re7 52.Rg5 Kc6 53.Rg6+ Kd7 54.c5 Kc7 55.h5 Kd7 56.g4 Kc7 57.g5 Kd7
58.Kd5 Kc7 59.c6 Kd8 60.h6 gxh6 61.gxh6  1-0

[Event "TCh-POL Jun"]
[Site "Laczna POL"]
[Date "2002.07.18"]
[Round "5"]
[White "Marszalek,M"]
[Black "Gajewski,G"]
[Result "1/2-1/2"]
[WhiteElo "2250"]
[BlackElo "2388"]

1.d4 Nf6 2.Nf3 e6 3.c4 b6 4.g3 Ba6 5.b3 Bb4+ 6.Bd2 Be7 7.Bg2 c6 8.O-O d5
9.Ne5 Nfd7 10.Nxd7 Nxd7 11.Bc3 O-O 12.Nd2 Nf6 13.e4 b5 14.Re1 dxe4 15.Qc2 Rc8
16.Nxe4 bxc4 17.Nc5 Bxc5 18.dxc5 Qd3 19.Qb2 Qg6 20.Qa3 Bb5 21.Bxf6 Qxf6 22.bxc4 Bxc4
23.Qxa7 Bd5 24.Qa3 Ra8 25.Qe3 Ra4 26.Bxd5 exd5 27.Qe7 Qxe7 28.Rxe7  1/2-1/2

[Event "Capital of Siberia Open"]
[Site "Novosibirsk RUS"]
[Date "2002.07.19"]
[Round "1"]
[White "Voinov,A"]
[Black "Zinoviev,S"]
[Result "1-0"]
[WhiteElo "2304"]
[BlackElo "2081"]

1.d4 Nf6 2.Nf3 e6 3.c4 b6 4.g3 Ba6 5.b3 c6 6.Bg2 d5 7.O-O Be7 8.Nbd2 Nbd7
9.Bb2 O-O 10.Qc2 Rc8 11.e4 dxe4 12.Nxe4 Nxe4 13.Qxe4 Bf6 14.Rad1 Bb7 15.Ne5 g6
16.Rfe1 Bg7 17.b4 Ba8 18.Qe3 Nf6 19.a4 a6 20.Qb3 Qc7 21.Ra1 Bb7 22.a5 b5
23.Rac1 Qb8 24.Re2 Rfd8 25.Rec2 Ba8 26.Qf3 Qd6 27.Qb3 Qb8 28.Qc3 bxc4 29.Qxc4 Nd5
30.Nd3 Bh6 31.Rb1 Qb5 32.Bc1 Bg7 33.Bg5 Re8 34.Nc5 Nc7 35.Bf4 Qxc4 36.Rxc4 Nb5
37.Rd1 Red8 38.Nxa6 e5 39.Bg5 Rxd4 40.Rdc1 Rxc4 41.Rxc4 f6 42.Be3 Bf8 43.h4 Be7
44.Kh2 Nd6 45.Rc1 Nf5 46.b5 Nxe3 47.fxe3  1-0

[Event "Battle of Senta Open"]
[Site "Senta YUG"]
[Date "2002.07.19"]
[Round "1"]
[White "Haragos,K"]
[Black "Savic,Miod1"]
[Result "0-1"]
[WhiteElo "2128"]
[BlackElo "2512"]

1.Nf3 Nf6 2.d4 e6 3.c4 b6 4.g3 Ba6 5.b3 Bb7 6.Bg2 Bb4+ 7.Bd2 a5 8.Nc3 O-O
9.O-O d6 10.Qc2 Nbd7 11.Ne1 Bxg2 12.Nxg2 c6 13.a3 Bxc3 14.Bxc3 d5 15.f3 a4
16.cxd5 axb3 17.Qxb3 exd5 18.a4 Re8 19.Ra2 Qe7 20.e3 Ra6 21.Rfa1 Qe6 22.Qc2 Rc8
23.Bd2 c5 24.Nf4 Qd6 25.Nd3 Raa8 26.dxc5 bxc5 27.a5 c4 28.Ne1 d4 29.exd4 Qxd4+
30.Kg2 c3 31.Bg5 Nd5 32.Qe4 Qc5 33.Nd3 Qb5 34.Ra4 c2 35.Qd4 Nc3 36.Rb4 Qxg5
37.Qxd7 Qd2+ 38.Kh3 Rd8 39.Qb7 Qxd3 40.Rf4 Qd5  0-1

[Event "25th Open"]
[Site "Ghent BEL"]
[Date "2002.07.21"]
[Round "4"]
[White "Vanderstricht,G"]
[Black "Iordachescu,V"]
[Result "1/2-1/2"]
[WhiteElo "2404"]
[BlackElo "2555"]

1.d4 Nf6 2.c4 e6 3.Nf3 b6 4.g3 Ba6 5.b3 Bb7 6.Bg2 Bb4+ 7.Bd2 a5 8.O-O O-O
9.Qc2 d6 10.Bg5 a4 11.Nc3 Bxc3 12.Qxc3 Nbd7 13.b4 h6 14.Bc1 b5 15.cxb5 Nb6
16.Ba3 Rc8 17.Nd2 Bxg2 18.Kxg2 Nfd5 19.Qd3 f5 20.e3 Rb8 21.Rac1 Qd7 22.f3 f4
23.gxf4 Rxf4 24.e4 Nf6 25.Rc6 d5 26.Bc1 Rh4 27.Kg1 Rf8 28.Re1 Qf7 29.e5 Nh5
30.Nf1 Rh3 31.Rc3 Rxf3 32.Qxf3 Qxf3 33.Rxf3 Rxf3 34.Be3 Nf4 35.Nd2 Rh3 36.Bxf4 Ra3
37.Ra1 g5 38.Bg3 Rd3 39.Be1 Rxd4 40.a3 Nc8 41.Rc1 Na7 42.Rxc7 Nxb5 43.Nf1 Nxa3
44.Ng3 Rd1 45.Kf2 Nb5 46.Rb7 Nd4 47.Bc3 a3 48.Bxd4 Rxd4 49.Ra7 Rxb4 50.Rxa3 Kf7
51.Ra7+ Kg6 52.Ra6 Kf7 53.Ra7+ Kg6 54.Ra6 Rb2+ 55.Kf3 Rb3+ 56.Kf2 Rb2+ 57.Kf3 Rb3+
58.Kf2 Kf7 59.Ra7+ Kg6 60.Ra6 g4  1/2-1/2

[Event "TCh-POL Jun"]
[Site "Laczna POL"]
[Date "2002.07.21"]
[Round "8"]
[White "Lagowski,P"]
[Black "Singer,K"]
[Result "1-0"]
[WhiteElo "2320"]
[BlackElo "2158"]

1.d4 Nf6 2.c4 e6 3.Nf3 b6 4.g3 Ba6 5.Nbd2 c6 6.Bg2 d5 7.Qc2 Be7 8.O-O Nbd7
9.b3 O-O 10.e4 Nxe4 11.Nxe4 dxe4 12.Qxe4 Rc8 13.Bb2 b5 14.c5 b4 15.Rfd1 Bb5
16.Qe1 Rb8 17.a3 bxa3 18.Rxa3 Qc7 19.Rda1 a6 20.Bf1 Bf6 21.Bc3 Rb7 22.Bxb5 axb5
23.b4 Rd8 24.Qe4 Nb8 25.Bd2 e5 26.Re1 Nd7 27.dxe5 Nxe5 28.Nxe5 Rxd2 29.Nc4  1-0

[Event "KB Czech Open"]
[Site "Pardubice CZE"]
[Date "2002.07.25"]
[Round "7"]
[White "Postny,E"]
[Black "Lindberg,Be"]
[Result "0-1"]
[WhiteElo "2525"]
[BlackElo "2362"]

1.d4 Nf6 2.c4 e6 3.Nf3 b6 4.g3 Ba6 5.Qb3 Nc6 6.Nbd2 Na5 7.Qc3 c5 8.dxc5 bxc5
9.e4 d6 10.Bg2 Bb7 11.Qd3 Be7 12.O-O O-O 13.b3 Qb6 14.Bb2 Nc6 15.Rad1 Rfd8
16.Rfe1 a5 17.a4 Rab8 18.Qc2 Nd7 19.Nb1 Ba8 20.Re3 e5 21.Nbd2 Nd4 22.Qb1 Bc6
23.Ba1 Qa7 24.Qa2 Qa8 25.Rde1 g6 26.Rd3 Bf8 27.Ng5 Re8 28.h4 h6 29.Nh3 f5
30.f3 Nf6 31.Nf2 Qb7 32.Bc3 Ra8 33.Qb1 Nh5 34.Nh1 f4 35.g4 Ng7 36.Rf1 Be7
37.g5 hxg5 38.hxg5 Nge6 39.Kf2 Nxg5 40.Rg1 Kf7 41.Qd1 Bd7 42.Ke1 Reb8 43.Ba1 Ra6
44.Bf1 Rb6 45.Bxd4 exd4 46.Nf2 Rh8 47.Qe2 Rh2 48.Rh1 Rxh1 49.Nxh1 Kg7 50.Qh2 Nf7
51.Nf2 Qb8 52.Bh3 Qh8 53.Qg2 Bxh3 54.Nxh3 Qh4+ 55.Nf2 Ne5 56.Kd1 Qg3 57.Qf1 Bh4
58.Ng4 Nxd3 59.Qxd3 Qe1+ 60.Kc2 Qa1 61.e5 Be1 62.exd6 Qa2+ 63.Kd1 Qxd2+ 64.Qxd2 Bxd2
65.Kxd2 Rxd6 66.Ne5 g5 67.Nd3 Rc6  0-1

[Event "KB Czech Open"]
[Site "Pardubice CZE"]
[Date "2002.07.26"]
[Round "8"]
[White "Teske,H"]
[Black "Markos,J"]
[Result "1/2-1/2"]
[WhiteElo "2529"]
[BlackElo "2467"]

1.d4 Nf6 2.Nf3 e6 3.c4 b6 4.g3 Ba6 5.b3 Bb4+ 6.Bd2 Be7 7.Bg2 c6 8.Bc3 d5
9.Ne5 Nfd7 10.Nxd7 Nxd7 11.Nd2 O-O 12.O-O Nf6 13.e4 dxe4 14.Nxe4 Rc8 15.a4 Nxe4
16.Bxe4 Bf6 17.Qd3 h6 18.Rfd1 Qc7 19.h4 Rfd8 20.Qf3 c5 21.d5 Bxc3 22.Qxc3 exd5
23.cxd5 Qd6 24.Rd2 Rc7 25.Rad1 Re7 26.Bd3 Bc8 27.Be2 Rde8 28.Bb5 Bd7 29.Bxd7 Rxd7
30.Qd3 Rde7 31.Kg2 Re4 32.Qb5 Kf8 33.a5 Rd8 34.Qa6 Rd7 35.Qc8+ Re8 36.Qa6 Re4
37.Rd3 Re2 38.axb6 axb6 39.Qc8+ Re8 40.Qa6 Re4 41.Qa8+ Rd8 42.Qc6 Qxc6 43.dxc6 Rc8
44.Rd6 Rc7 45.Kf3 Re8 46.Kf4 Rec8 47.Ke5 Rxc6 48.Rxc6 Rxc6 49.Rd6 Rxd6 50.Kxd6 g5
51.hxg5 hxg5 52.f4 gxf4 53.gxf4 f5  1/2-1/2

[Event "2nd Summer Open"]
[Site "Savaria HUN"]
[Date "2002.07.27"]
[Round "3"]
[White "Marodi,M"]
[Black "Rigo,Z"]
[Result "0-1"]
[WhiteElo "2051"]
[BlackElo "2368"]

1.d4 Nf6 2.c4 e6 3.Nf3 b6 4.g3 Ba6 5.Qc2 c5 6.Bg2 Nc6 7.O-O cxd4 8.Qa4 Qc8
9.Ne5 Bb7 10.Bf4 Bc5 11.Rd1 O-O 12.Na3 Rd8 13.Nc2 Nxe5 14.Bxe5 d3 15.Bxf6 dxc2
16.Bxd8 cxd1=Q+ 17.Rxd1 Bxg2 18.Kxg2 Qxd8 19.Rxd7 Qe8 20.Qd1 g6 21.b3 Qc8
22.Qd2 Qc6+ 23.f3 a5 24.a4 Re8 25.Qd3 e5 26.Rd5 e4 27.fxe4 Qf6 28.Qf3 Kg7
29.h3 h5 30.g4 hxg4 31.hxg4 Rh8 32.Rd7 Be7 33.Rb7 Qh4 34.Kf1 Qg5 35.e3 Qe5
36.Rxb6 Qa1+ 37.Kg2 Qh1+  0-1